Les pays et régions par leurs noms anciens! - Statistiques

Statistiques générales
  • Ce quiz a été pris 354 fois
  • Le résultat moyen est 48 sur 64
Statistiques - réponses
Acien Nom Nom actuel % Correct
Saint-Empire Romain Germanique, Prusse, Reich Wilhelminien , Confédération du Rhin ou République de Weimar Allemagne
98%
Gaule, Provincia ou Royaume des Francs France
96%
Royaume du Guatemala Guatemala, Belize, El Salvador, Honduras, Nicaragua, Costa Rica et Mexique
96%
Terra Australis Incognita, Australia del Espiritu Santo et Terra Australis Australie
95%
Gaule Septentrionale, Gallia Belgica, Belgica Foederata Belgique
95%
Indochine Vietnam, Laos et Cambodge
95%
Colonie du Cap Afrique du Sud
94%
Hispanie, Celtibérie, Tarraconaise, Al-Andalus et Castille Espagne
92%
Eretz Yisrael Israel
91%
Grande-Grèce, Étrurie, Gaule Cisalpin ou Rome Italie
91%
Congo-Kinshasa, luba, Kuba, Lunda, Kong, Royaume du prêtre Jean République Démocratique du Congo
91%
Congo-Brazzaville et Congo Belge République du Congo
91%
Rus' de Kiev, Ruthénie, Moscovie et Union des Républiques Socialistes Soviétiques Russie
91%
Mandchous, Tchina, Tzin et Cin Chine
90%
Yamato, Hi-no-moto, Wa, Cipangu, Cypango, Nippon et Nihon Japon
90%
Marrakech, Almoravide, Maghreb et Maurétanie Maroc
89%
Rio de Oro Sahara Occidental (Maroc)
89%
Confœderatio Helvetica, République Helvétique ou Canton de Schwytz Suisse
89%
Lydie, Bithynie, Cappadoce, Pergame, Pont et Empire Ottoma Turquie
89%
Rio de la Plata ou Rio da Prata (rivière d'argent) Argentine
88%
Grande Colombie Colombie, Équateur, Panama et Venezuela
88%
Persien Iran
88%
România, Valaques ou Transylvain Roumanie
88%
Khmer Cambodge
87%
Nouvelle-Espagne, Mexique
86%
Nouvelle-France Canada
84%
Lusitanie, Omeyyades et Terra Portucalensis Portugal
84%
Britannia, Caledonia, Wales, Ulster et Empire Britannique Royaume-Uni de Grande-Bretagne et d'Irlande du Nord
84%
Ammon, Moab, Édom ou Transjordanie Jordanie
83%
République des Deux Nations et Prusse Pologne
83%
Zanzibar, Tanganyika. et Afrique de l'Est Allemande Tanzanie
83%
Nord Veg, Nhorvegia et Vuodna Norvége
81%
Bataves, Frisii, Saint-Empire Romain Germanique, Francia Médiane et Provinces-Unies Pays-Bas
81%
Jutland Danemark
80%
Paracas, Nazca, Mochica et Inca Pérou
80%
Norique, Pannonie, Rhétie et Saint-Empire Romain Germanique. Autriche
79%
Ceylan Sri Lanka
77%
Les Treize Colonies, Nouvelle-Espagne et Les Californies États-Unis
76%
Felipinas Philippines
75%
Saint-Domingue Republique Dominicaine
75%
Funan, Dvaravati, Lavo, Haripunjaya, Ayutthaya et Siam Thaïlande
75%
Marmarica, Cyrénaïque, Libou et Tripolitaine Libye
73%
Burma, Birmanie Myanmar
71%
Union de Kalmar Suède
71%
Rhodésie Zambie
68%
Terre de la Véritable Croix Brésil
67%
Malacca, Penang, Sabah et Sarawak Malaisie
67%
Afrique Orientale Britannique Kenya
66%
Antilles Néerlandaises Indonésie
65%
Éirinn et Éireann Irlande
65%
Bengale oriental Pakistan
63%
Côte de l'Or Ghana
59%
Thulé et Snæland Islande
59%
Barunai Brunei
58%
Province de Viipuri Finlande
58%
Formose Taiwan
55%
Afrique du Sud-Est Namibie
50%
Pays de Pount Somalie
47%
Aotearoa et Staten Landt Nouvelle-Zélande
37%
Lucilinburhuc Luxembourg
36%
Assinie Côte d'Ivoire
35%
Ménouthias, Quanbalu, Phébol, Iamboulos et Cerné Madagascar
31%
États de la Trêve Émirats Arabes Unis, Qatar et Bahreïn
24%
Tumasik Singapour
20%
Aucun quiz correspondant
Distribution des résultats
% des personnes avec chaque résultat
Percentile par nombre de réponses
Votre historique - résultats
Vous n’avez pas pris ce quiz